Estudis sobre el Projecte de Llei orgànica del Poder Judicial / Jerónimo Arozamena ... [et al.]
Descripción Física:
273 p. ; 23 cm
Otros Autores:
Arozamena Sierra, Jerónimo
Materias:
Poder judicial -- Espanya -- Congressos
MARC
| LEADER | 00000nam a2200000Ia 4500 | ||
|---|---|---|---|
| 001 | 1444 | ||
| 003 | BGR | ||
| 005 | 20260324175252.0 | ||
| 008 | 160829s1985 xx 000 0 cat d | ||
| 080 | |a D-1-74 | ||
| 111 | |a Estudis sobre el Projecte de Llei Orgànica del Poder Judicial |9 70850 |c (Barcelona : |d 1984) | ||
| 245 | |a Estudis sobre el Projecte de Llei orgànica del Poder Judicial / Jerónimo Arozamena ... [et al.] | ||
| 260 | |a Barcelona : |b Generalitat de Catalunya, Escola d'Administració Pública de Catalunya, |c 1985 | ||
| 300 | |a 273 p. ; |c 23 cm | ||
| 490 | |a Materials / Escola d'Administració Pública de Catalunya ; 7 | ||
| 590 | |a Recull de les conferències del cicle 'Estudis sobre el Projecte de Llei Orgànica del Poder Judicial'. | ||
| 590 | |a Textos en català i castellà. | ||
| 650 | |a Poder judicial |x Espanya |x Congressos |9 24105 | ||
| 700 | |a Arozamena Sierra, Jerónimo |9 14349 | ||
| 710 | |a Escola d'Administració Pública de Catalunya |9 15494 | ||
| 901 | |a moArxiu | ||
| 942 | |n 1 |2 udc |c MON | ||
| 952 | |0 0 |1 0 |4 0 |6 D174 |7 1 |9 42980 |a Arxiu |b Arxiu |d 2016-12-01 |l 0 |o D-1-74 |p 1444 |r 2016-12-01 00:00:00 |w 2016-12-01 |y ARXIU | ||
| 999 | |c 45523 |d 45523 | ||